| 000 | 00745nam a22001937a 4500 | ||
|---|---|---|---|
| 999 |
_c15198 _d15198 |
||
| 003 | OSt | ||
| 082 | _2631.587 BRI/DE | ||
| 088 | _aP 152 | ||
| 100 |
_aBRINLY MANUEL _92743 |
||
| 245 | _aDesign and development of drainage lysimeter to measure consumptive use and percolation losses | ||
| 260 |
_aTavanur 2005 _bKelappaji College of Agricultural Engineering and Technology |
||
| 300 | _a85 | ||
| 500 | _aDesign and development of drainage lysimeter to measure consumptive use and percolation losses | ||
| 520 | _aDesign and development of drainage lysimeter to measure consumptive use and percolation losses | ||
| 700 |
_aRabees P. K _92744 |
||
| 700 |
_aSanthi Vasavan _92745 |
||
| 700 |
_aEr. Abdul Hakkim V. M (Guide) _92746 |
||
| 942 | _cPR | ||